El debate teórico entorno a la pedagogía

Guardat en:
Dades bibliogràfiques
Autor principal: Valera Alfonso, Orlando
Format: Llibre
Idioma:English
Publicat: Bogotá: Editemas AVC, 1999.
Matèries:
Accés en línia:Enlace del recurso
Etiquetes: Afegir etiqueta
Sense etiquetes, Sigues el primer a etiquetar aquest registre!

MARC

LEADER 00000nam a22000007a 4500
003 OSt
005 20160911194928.0
008 160805b xxu||||| |||| 00| 0 eng d
020 |a 9583310565 
040 |c CO-BoIIE 
082 |a 370  |b V16d 
100 1 |9 557  |a Valera Alfonso, Orlando 
245 1 0 |a El debate teórico entorno a la pedagogía   |c Orlando Varela Alfonso. 
260 |a Bogotá:  |b Editemas AVC,  |c 1999. 
300 |a 90 p.  |b gráficos 
650 1 0 |9 93  |a Pedagogía 
942 |2 ddc  |c BK 
999 |c 5139  |d 5139 
856 |u https://catalogo.idep.edu.co/cgi-bin/koha/opac-detail.pl?biblionumber=5139  |z Enlace del recurso